Lluiles antixuetes en el segle XVIII / (Record no. 127449)

MARC details
000 -LEADER
campo de control de longitud fija 00567nam a2200181 4500
001 - NÚMERO DE CONTROL
campo de control 127449
003 - IDENTIFICADOR DE NÚMERO DE CONTROL
campo de control ES-MaACL
005 - FECHA Y HORA DE LA ÚLTIMA TRANSACCIÓN
campo de control 20250820123221.0
007 - CAMPO FIJO DE DESCRIPCIÓN FÍSICA--INFORMACIÓN GENERAL
campo de control de longitud fija t|
008 - DATOS DE LONGITUD FIJA--INFORMACIÓN GENERAL
campo de control de longitud fija 070214s1973 sp r ||||1| cat d
100 1# - ENTRADA PRINCIPAL--NOMBRE DE PERSONA
Nombre de persona Riera Montserrat, Francesc.
9 (RLIN) 97130
245 10 - MENCIÓN DEL TÍTULO
Título Lluiles antixuetes en el segle XVIII /
Mención de responsabilidad, etc. Francesc Riera Montserrat ; próleg de Josep Meliá.
260 ## - PUBLICACIÓN, DISTRIBUCIÓN, ETC.
Lugar de publicación, distribución, etc. Palma de Mallorca :
Nombre del editor, distribuidor, etc. Moll,
Fecha de publicación, distribución, etc. 1973.
300 ## - DESCRIPCIÓN FÍSICA
Extensión 207 p. ;
Dimensiones 24 cm.
700 1# - ENTRADA AGREGADA--NOMBRE PERSONAL
Nombre de persona Melià, Josep,
Fechas asociadas al nombre 1939-2000
9 (RLIN) 173040
852 ## - LOCALIZACIÓN
Ubicación ES-MaACL
Número de control de estantería C-54308
Sublocalización o colección R.87164
Holdings
Estatus retirado Estado de pérdida Estado de daño No para préstamo Biblioteca de origen Biblioteca actual Ubicación en estantería Fecha de adquisición Fuente de adquisición Total de préstamos Signatura topográfica completa Código de barras Visto por última vez Precio de reemplazo Tipo de ítem Koha
        Biblioteca del Ateneo de Madrid Biblioteca del Ateneo de Madrid Depósito 2 17/01/2008     C-54308 1132745 23/02/2023 23/02/2023 Libro impreso